Ethylene-responsive genes in Hevea brasiliensis: Effect of ethylene and wounding in young budded plants of three rubber clones (Record no. 58873)

MARC details
000 -LEADER
fixed length control field 00797nam a2200265Ia 4500
100 ## - MAIN ENTRY--AUTHOR NAME
Personal name Montoro P
245 #0 - TITLE STATEMENT
Title Ethylene-responsive genes in Hevea brasiliensis: Effect of ethylene and wounding in young budded plants of three rubber clones
260 ## - PUBLICATION, DISTRIBUTION, ETC. (IMPRINT)
Name of publisher IRRDB Natural Rubber Conference 2008, 13-15 October 2008, Kuala Lumpur, Malaysia: Abstract of papers
500 ## - GENERAL NOTE
General note Source Year: 2008
650 ## - SUBJECT ADDED ENTRY--TOPICAL TERM
Topical Term Ethylene
650 ## - SUBJECT ADDED ENTRY--TOPICAL TERM
Topical Term Ethylene-responsive genes
650 ## - SUBJECT ADDED ENTRY--TOPICAL TERM
Topical Term Wounding
700 ## - ADDED ENTRY--PERSONAL NAME
Personal name Argout X
700 ## - ADDED ENTRY--PERSONAL NAME
Personal name Baurens F C
700 ## - ADDED ENTRY--PERSONAL NAME
Personal name Gramdi S
700 ## - ADDED ENTRY--PERSONAL NAME
Personal name Kuswanhadi
700 ## - ADDED ENTRY--PERSONAL NAME
Personal name Leclercq J
700 ## - ADDED ENTRY--PERSONAL NAME
Personal name Lefrancois C
700 ## - ADDED ENTRY--PERSONAL NAME
Personal name Nemrod G
700 ## - ADDED ENTRY--PERSONAL NAME
Personal name Rio M
700 ## - ADDED ENTRY--PERSONAL NAME
Personal name Sabau X
856 ## - ELECTRONIC LOCATION AND ACCESS
Uniform Resource Identifier Abst only
942 ## - ADDED ENTRY ELEMENTS (KOHA)
Koha item type Journals
Holdings
Withdrawn status Lost status Damaged status Not for loan Home library Current library Shelving location Date acquired Koha item type
      Journals RRII Library RRII Library Plant physiology 28/01/2009 Journals